World's largest eagles by wingspan - Statistics

General Stats
  • This quiz has been taken 7 times
  • The average score is 5 of 10
Answer Stats
Answer % Correct
American Bald Eagle
100%
Golden Eagle
86%
White-Tailed Eagle
57%
Harpy Eagle
43%
Imperial Eagle
43%
Steller's Sea Eagle
43%
Steppe Eagle
43%
Martial Eagle
29%
Philippine Eagle
29%
Wedge-Tailed Eagle
29%
No matching quizzes found
Score Distribution
Percent of People with Each Score
Percentile by Number Answered
Your Score History
You have not taken this quiz